000 00236nam a2200109Ia 4500
008 190216s9999||||xx |||||||||||||| ||und||
100 _aVarier
245 0 _aAnubhavangal
260 _bDc Books
650 _aEssay Malayalam
942 _cBK
999 _c25982
_d25982